Central Library OPAC University of Rajshahi

Relay control systems / (Record no. 67972)

MARC details
000 -LEADER
fixed length control field 00820nam a2200253 a 4500
001 - CONTROL NUMBER
control field 67972
003 - CONTROL NUMBER IDENTIFIER
rucl marc code BD-RjUL
005 - DATE AND TIME OF LATEST TRANSACTION
control field 20211209081722.0
008 - FIXED-LENGTH DATA ELEMENTS--GENERAL INFORMATION
fixed length control field 170329s1984 enka b 001 0 eng
020 ## - INTERNATIONAL STANDARD BOOK NUMBER
International Standard Book Number 0521243904
035 ## - SYSTEM CONTROL NUMBER
System control number (BD-RjUL)68181
040 ## - CATALOGING SOURCE
Original cataloging agency LC
Language of cataloging eng
Transcribing agency LC
Modifying agency NU
-- BD-RjUL
041 1# - LANGUAGE CODE
Language code of text/sound track or separate title engrus
082 04 - DEWEY DECIMAL CLASSIFICATION NUMBER
Edition number 23
Classification number 621.384156
Author mark and year TSR 1984
100 1# - MAIN ENTRY--PERSONAL NAME
Personal name TSypkin, YA. Z.
Fuller form of name (IAkov Zalmanovich)
9 (RLIN) 201472
245 10 - TITLE STATEMENT
Title Relay control systems /
Statement of responsibility, etc. Ya. Z. Tsypkin ; translated by C. Constanda.
260 ## - PUBLICATION, DISTRIBUTION, ETC. (IMPRINT)
Place of publication, distribution, etc. Cambridge ;
-- New York :
Name of publisher, distributor, etc. Cambridge University Press,
Date of publication, distribution, etc. c1984.
300 ## - PHYSICAL DESCRIPTION
Pagination xi, 530 p. :
Illustrations ill. ;
Size 24 cm.
500 ## - GENERAL NOTE
General note Translation of: Releinye avtomaticheskie sistemy.
General note Includes indexes.
504 ## - BIBLIOGRAPHY, ETC. NOTE
Bibliography, etc Bibliography: p. 500-522.
650 #0 - SUBJECT ADDED ENTRY--TOPICAL TERM
Topical term or geographic name as entry element Relay control systems.
9 (RLIN) 201473
942 ## - ADDED ENTRY ELEMENTS (KOHA)
Source of classification or shelving scheme Dewey Decimal Classification
Koha item type Books
Holdings
Lost status Source of classification or shelving scheme Damaged status Not for loan Collection code Permanent Location Current Location Shelving location Date acquired Total Checkouts Full call number Date last seen Copy number Koha item type
  Dewey Decimal Classification   Not For Loan Non-fiction Central Library, University of Rajshahi Central Library, University of Rajshahi Reading Room 29/06/1988   621.384156 TSR 1984 29/03/2017 C-1 Books